[Event "SF Neuenkirchen 1 - SK Münster 3"]
[Site "Regionalliga 2017/2018"]
[Date "2017.11.11"]
[Round "3.3"]
[White "Leder, Nils"]
[Black "Hachmeister, Dirk"]
[Result "1/2-1/2"]
[WhiteElo "1848"]
[BlackElo "2143"]
[PlyCount "55"]
[EventDate "2017.??.??"]
[SourceTitle "Verband Muensterland"]
[SourceDate "2017.09.15"]
[SourceVersion "1"]
[SourceVersionDate "2017.09.15"]
[SourceQuality "1"]

1. e4 c6 2. d4 d6 3. Nf3 Bg4 4. Be2 Nd7 5. O-O e5 6. c3 Be7 7. Qb3 Qc7 8. Ng5
Bxg5 9. Bxg4 Bxc1 10. Rxc1 Ngf6 11. Bf3 O-O 12. Nd2 Rfe8 13. Re1 Rab8 14. Rad1
b5 15. Nf1 g6 16. Qc2 Kg7 17. Qd2 h6 18. h4 Nf8 19. g3 Re7 20. dxe5 dxe5 21.
Qd6 Ne6 22. Bg2 h5 23. Bh3 Nf8 24. Kg2 Rbe8 25. f3 Qb6 26. Ne3 N8d7 27. Qd2 Nf8
28. Nc2 1/2-1/2

[Event "SF Neuenkirchen 1 - SK Münster 3"]
[Site "Regionalliga 2017/2018"]
[Date "2017.11.11"]
[Round "3.4"]
[White "Seegers, Hendrik"]
[Black "Hartmann, Steffen"]
[Result "1/2-1/2"]
[WhiteElo "2109"]
[BlackElo "1914"]
[PlyCount "83"]
[EventDate "2017.??.??"]
[SourceTitle "Verband Muensterland"]
[SourceDate "2017.09.15"]
[SourceVersion "1"]
[SourceVersionDate "2017.09.15"]
[SourceQuality "1"]

1. d4 Nf6 2. Nf3 g6 3. c4 c5 4. e3 Bg7 5. Nc3 O-O 6. Be2 cxd4 7. Nxd4 Nc6 8.
O-O Ne5 9. f4 Nc6 10. Bf3 e6 11. Ndb5 d5 12. cxd5 exd5 13. Nxd5 Nxd5 14. Bxd5
Qb6 15. Nd6 Nb4 16. Nxc8 Raxc8 17. Bb3 Rfd8 18. Qf3 Nd3 19. f5 Nxc1 20. Raxc1
Rxc1 21. Rxc1 Bh6 22. Re1 Rd7 23. fxg6 Qxg6 24. e4 Bg7 25. e5 Re7 26. Qd5 Qb6+
27. Kf1 Qe6 28. Qd3 Qc6 29. Bd5 Qe8 30. e6 fxe6 31. Qe4 Kh8 32. Bxe6 Qb5+ 33.
Qe2 Qxb2 34. Qc4 Qf6+ 35. Kg1 Qd4+ 36. Qxd4 Bxd4+ 37. Kf1 Kg7 38. Re4 Bc5 39.
Rg4+ Kf6 40. Bd5 b6 41. Be4 Rd7 42. Ke2 1/2-1/2

[Event "SF Neuenkirchen 1 - SK Münster 3"]
[Site "Regionalliga 2017/2018"]
[Date "2017.11.11"]
[Round "3.5"]
[White "Peters, Helmut"]
[Black "Haves, Reinhard"]
[Result "0-1"]
[WhiteElo "2000"]
[BlackElo "2089"]
[PlyCount "80"]
[EventDate "2017.??.??"]
[SourceTitle "Verband Muensterland"]
[SourceDate "2017.09.15"]
[SourceVersion "1"]
[SourceVersionDate "2017.09.15"]
[SourceQuality "1"]

1. e4 g6 2. d4 Bg7 3. Nc3 d6 4. Nf3 Bg4 5. Be2 Nc6 6. Be3 Nf6 7. O-O O-O 8. h3
Bxf3 9. Bxf3 Re8 10. e5 dxe5 11. Bxc6 bxc6 12. dxe5 Nd5 13. Nxd5 Qxd5 14. Qxd5
cxd5 15. f4 f6 16. exf6 exf6 17. Rae1 f5 18. c3 Re4 19. Bc5 Rb8 20. Rxe4 fxe4
21. f5 Be5 22. fxg6 hxg6 23. Rf2 Rb5 24. Bxa7 Ra5 25. Be3 Rxa2 26. g4 Ra1+ 27.
Kg2 Re1 28. Bc5 Rd1 29. h4 Rd3 30. Kf1 Rg3 31. Rg2 Rh3 32. h5 gxh5 33. gxh5+
Kf7 34. Rg5 Kf6 35. Be7+ Ke6 36. Bf8 Bf4 37. Rg6+ Kf5 38. Rg7 Rxh5 39. Rf7+ Kg4
40. Bg7 Kf3 0-1

[Event "SF Neuenkirchen 1 - SK Münster 3"]
[Site "Regionalliga 2017/2018"]
[Date "2017.11.11"]
[Round "3.6"]
[White "Scho, Christian"]
[Black "Vogenauer, Nikolas"]
[Result "1-0"]
[WhiteElo "2063"]
[BlackElo "1745"]
[PlyCount "75"]
[EventDate "2017.??.??"]
[SourceTitle "Verband Muensterland"]
[SourceDate "2017.09.15"]
[SourceVersion "1"]
[SourceVersionDate "2017.09.15"]
[SourceQuality "1"]

1. Nf3 Nf6 2. c4 g6 3. b4 Bg7 4. Bb2 d6 5. g3 e5 6. d3 a5 7. b5 b6 8. Bg2 Bb7
9. O-O O-O 10. Nc3 Re8 11. Rc1 Nbd7 12. Ba3 Rb8 13. e3 Nf8 14. Qc2 Qd7 15. Nd5
Ne6 16. e4 Rf8 17. Bh3 Rbe8 18. Qd1 Qd8 19. Rc2 Bc8 20. Bg2 Kh8 21. Bc1 Nxd5
22. cxd5 Nc5 23. Ne1 Bd7 24. Rb2 Qc8 25. f4 f5 26. fxe5 dxe5 27. a4 Rf7 28.
Rbf2 Ref8 29. Be3 Qe8 30. Qc2 Qe7 31. Qc4 h5 32. d4 Nxe4 33. Bxe4 fxe4 34. d6
Qe6 35. Qxe6 Bxe6 36. Rxf7 Rxf7 37. Rxf7 Bxf7 38. dxc7 1-0

[Event "SF Neuenkirchen 1 - SK Münster 3"]
[Site "Regionalliga 2017/2018"]
[Date "2017.11.11"]
[Round "3.8"]
[White "Stöckmann, Helmut"]
[Black "Kamp, Adrian"]
[Result "1/2-1/2"]
[WhiteElo "2001"]
[BlackElo "1668"]
[PlyCount "83"]
[EventDate "2017.??.??"]
[SourceTitle "Verband Muensterland"]
[SourceDate "2017.09.15"]
[SourceVersion "1"]
[SourceVersionDate "2017.09.15"]
[SourceQuality "1"]

1. c4 Nf6 2. Nc3 d5 3. cxd5 Nxd5 4. g3 g6 5. Bg2 c6 6. Nf3 Bg7 7. d4 O-O 8. O-O
Nxc3 9. bxc3 Nd7 10. Qc2 Nb6 11. Rd1 Nc4 12. Rb1 Qa5 13. Nd2 Nd6 14. e3 Nb5 15.
Rb3 Bf5 16. Be4 Be6 17. c4 Nd6 18. Bg2 Rfc8 19. Ra3 Qc7 20. Qd3 a6 21. Bf1 b5
22. c5 Nc4 23. Rc3 Nxd2 24. Qxd2 Bd5 25. Bg2 Bxg2 26. Kxg2 e5 27. Bb2 exd4 28.
exd4 Qa5 29. Ra3 Qxd2 30. Rxd2 Rd8 31. Re3 Bf6 32. f4 Rd5 33. Kf3 Rad8 34. Red3
Be7 35. Ke3 Re8 36. Kf3 Red8 37. Ke3 a5 38. a3 b4 39. axb4 axb4 40. Rd1 f5 41.
Rc1 Bf6 42. Rc4 1/2-1/2

[Event "SG Turm Raesfeld/Erle 1 - SC Gronau 1"]
[Site "Regionalliga 2017/2018"]
[Date "2017.11.11"]
[Round "3.1"]
[White "Bündgen, Achim"]
[Black "Wilger, Frank"]
[Result "1-0"]
[WhiteElo "2119"]
[BlackElo "2086"]
[PlyCount "85"]
[EventDate "2017.??.??"]
[SourceTitle "Verband Muensterland"]
[SourceDate "2017.09.15"]
[SourceVersion "1"]
[SourceVersionDate "2017.09.15"]
[SourceQuality "1"]

1. d4 d5 2. Bg5 Nd7 3. c4 h6 4. Bh4 c6 5. cxd5 cxd5 6. Nc3 Ngf6 7. Qa4 g5 8.
Bg3 Bg7 9. e3 O-O 10. Nf3 Nb6 11. Qb3 Bf5 12. Be2 Ne4 13. Be5 Rc8 14. Bxg7 Kxg7
15. O-O Nxc3 16. bxc3 Qc7 17. Rac1 Nc4 18. Bxc4 dxc4 19. Qb5 Be4 20. Qe5+ Qxe5
21. Nxe5 Rc7 22. f3 Bf5 23. e4 Bc8 24. Ng4 Bxg4 25. fxg4 Rd8 26. Rb1 Rd6 27.
Rb4 Re6 28. Re1 Kg6 29. Kf2 Rf6+ 30. Ke3 h5 31. gxh5+ Kxh5 32. Rd1 a6 33. a4
Rd6 34. Rdb1 Rdd7 35. Rb6 e6 36. e5 Kg6 37. Ke4 Rd5 38. Rxb7 Rc8 39. Rf1 f5+
40. exf6 Rf5 41. Rxf5 exf5+ 42. Ke5 Re8+ 43. Re7 1-0

[Event "SG Turm Raesfeld/Erle 1 - SC Gronau 1"]
[Site "Regionalliga 2017/2018"]
[Date "2017.11.11"]
[Round "3.2"]
[White "Gesing, Felix"]
[Black "Monsma, Menno"]
[Result "0-1"]
[WhiteElo "1988"]
[BlackElo "2030"]
[PlyCount "146"]
[EventDate "2017.??.??"]
[SourceTitle "Verband Muensterland"]
[SourceDate "2017.09.15"]
[SourceVersion "1"]
[SourceVersionDate "2017.09.15"]
[SourceQuality "1"]

1. Nf3 Nf6 2. g3 g6 3. Bg2 Bg7 4. O-O O-O 5. d3 d6 6. Nbd2 e5 7. e4 Nc6 8. c3
Nd7 9. b4 a6 10. a4 Nb6 11. Bb2 Be6 12. b5 Nb8 13. c4 a5 14. Nb3 N6d7 15. Qd2
b6 16. Ng5 Qe7 17. Nxe6 Qxe6 18. f4 Nc5 19. Nxc5 dxc5 20. f5 Qd6 21. fxg6 hxg6
22. h4 Nd7 23. Rf3 Nf6 24. Qg5 Nh7 25. Qe3 Qe6 26. Raf1 Rae8 27. Kh2 Nf6 28.
Bh3 Ng4+ 29. Bxg4 Qxg4 30. Qf2 Re7 31. Bc1 f6 32. Be3 Rd7 33. Bg5 Rdf7 34. Bc1
Rd8 35. Re1 Kf8 36. Bg5 Ke7 37. Rf1 Qe6 38. Kg2 Rff8 39. Bc1 Rd6 40. Qe2 Rh8
41. R3f2 Kd8 42. Rh1 Qd7 43. Rd1 Kc8 44. Qf3 Rd8 45. Rfd2 Bh6 46. Rf2 Bxc1 47.
Rxc1 Rxd3 48. Qxf6 Qg4 49. Qxe5 Re3 50. Qf4 Rxe4 51. Qxg4+ Rxg4 52. Rf4 Rxf4
53. gxf4 Rd3 54. f5 gxf5 55. h5 Kd7 56. Rh1 Ke6 57. h6 Rd8 58. h7 Rh8 59. Kg3
Ke5 60. Rh5 Kd4 61. Rh4+ Kc3 62. Kf4 Kxc4 63. Kxf5+ Kb3 64. Kg6 c4 65. Kg7
Rxh7+ 66. Rxh7 Kxa4 67. Kf6 c3 68. Rxc7 Kb3 69. Ke5 c2 70. Kd5 a4 71. Kc6 c1=Q+
72. Kxb6 Qe3+ 73. Kb7 a3 0-1

[Event "SG Turm Raesfeld/Erle 1 - SC Gronau 1"]
[Site "Regionalliga 2017/2018"]
[Date "2017.11.11"]
[Round "3.4"]
[White "Brömmel, Rudolf"]
[Black "Langendijk, Andre"]
[Result "1/2-1/2"]
[WhiteElo "1913"]
[BlackElo "1926"]
[PlyCount "51"]
[EventDate "2017.??.??"]
[SourceTitle "Verband Muensterland"]
[SourceDate "2017.09.15"]
[SourceVersion "1"]
[SourceVersionDate "2017.09.15"]
[SourceQuality "1"]

1. d4 Nf6 2. Nc3 c5 3. e3 d5 4. g3 Nc6 5. Bg2 cxd4 6. exd4 Bf5 7. a3 e6 8. Nge2
Rc8 9. O-O Bd6 10. Nb5 Be7 11. a4 O-O 12. c3 Qb6 13. Nf4 Na5 14. Nd3 a6 15. Na3
Nb3 16. Ra2 Nxc1 17. Nxc1 Bxa3 18. a5 Qxa5 19. Rxa3 Qc7 20. Nd3 Ra8 21. Nc5 Nd7
22. Nxd7 Qxd7 23. Re1 Rfc8 24. Bf1 h6 25. Qb3 Rc6 26. Bb5 1/2-1/2

[Event "SG Turm Raesfeld/Erle 1 - SC Gronau 1"]
[Site "Regionalliga 2017/2018"]
[Date "2017.11.11"]
[Round "3.6"]
[White "Bergemann, Martin"]
[Black "Reinhold, Klaus"]
[Result "1/2-1/2"]
[WhiteElo "1935"]
[BlackElo "1852"]
[PlyCount "46"]
[EventDate "2017.??.??"]
[SourceTitle "Verband Muensterland"]
[SourceDate "2017.09.15"]
[SourceVersion "1"]
[SourceVersionDate "2017.09.15"]
[SourceQuality "1"]

1. d4 d5 2. c4 c6 3. Nf3 Nf6 4. Qc2 e6 5. Nbd2 Nbd7 6. b3 Bd6 7. Bb2 O-O 8. e3
Qe7 9. cxd5 exd5 10. Bd3 Re8 11. O-O Ne4 12. Rfe1 Ndf6 13. Ne5 Nxd2 14. Qxd2
Ne4 15. Qc2 f6 16. Nf3 Qf7 17. a3 Qh5 18. Be2 Qh6 19. g3 Bh3 20. Bf1 Bxf1 21.
Rxf1 Qh3 22. Rfe1 Re6 23. Qe2 Rae8 1/2-1/2

[Event "SG Turm Raesfeld/Erle 1 - SC Gronau 1"]
[Site "Regionalliga 2017/2018"]
[Date "2017.11.11"]
[Round "3.7"]
[White "Hoge, Torsten"]
[Black "Bölker, Franz"]
[Result "1-0"]
[WhiteElo "1890"]
[BlackElo "1799"]
[PlyCount "49"]
[EventDate "2017.??.??"]
[SourceTitle "Verband Muensterland"]
[SourceDate "2017.09.15"]
[SourceVersion "1"]
[SourceVersionDate "2017.09.15"]
[SourceQuality "1"]

1. e4 c5 2. Nc3 d6 3. Bc4 a6 4. a4 Nf6 5. d3 Nc6 6. f4 g6 7. Nf3 Bg7 8. O-O Na5
9. Ba2 c4 10. Qe1 Ng4 11. Kh1 Bd7 12. h3 Nh6 13. f5 b5 14. Nd5 Bc6 15. Bd2 Nb7
16. Nb4 Qd7 17. Qh4 Ng8 18. dxc4 bxa4 19. c5 Bf6 20. Qe1 gxf5 21. Nxc6 Qxc6 22.
Bd5 Qd7 23. c6 Qc7 24. cxb7 Rb8 25. Rxa4 1-0

[Event "SG Turm Raesfeld/Erle 1 - SC Gronau 1"]
[Site "Regionalliga 2017/2018"]
[Date "2017.11.11"]
[Round "3.8"]
[White "Brömmel, Chris"]
[Black "Tsoukkerman, Boris"]
[Result "0-1"]
[WhiteElo "1775"]
[BlackElo "1898"]
[PlyCount "60"]
[EventDate "2017.??.??"]
[SourceTitle "Verband Muensterland"]
[SourceDate "2017.09.15"]
[SourceVersion "1"]
[SourceVersionDate "2017.09.15"]
[SourceQuality "1"]

1. e4 Nf6 2. e5 Nd5 3. a4 d6 4. c4 Nb4 5. exd6 Qxd6 6. Na3 e5 7. Nc2 N8c6 8.
Ne3 Be6 9. d3 O-O-O 10. Ra3 e4 11. Rc3 exd3 12. Nf3 Be7 13. Bd2 Bf6 14. Rb3
Rhe8 15. Qc1 a5 16. g3 Bg4 17. Bg2 Bxf3 18. Bxf3 Nd4 19. Bg4+ Kb8 20. Rxb4 axb4
21. c5 Qc6 22. O-O Nf3+ 23. Bxf3 Qxf3 24. Bxb4 h5 25. h3 Bd4 26. Bd2 h4 27. Kh2
Be5 28. Qe1 Qe2 29. Nf5 Bxg3+ 30. Kg2 Qxe1 0-1